000 00500cam a22001577a 4500
008 180718b2001 xxu||||| |||| 00| 0 eng d
020 _a0821349422
082 _aT19 K847
245 _aKosovo: economic and social reforms for peace and reconciliation
260 _aWashington, D.C.
_bWorld Bank
_c2001
300 _a149p.
440 _aWorld Bank technical paper no. 509
650 _aKosovo - Social conditions
650 _aKosovo - Economic conditions
650 _aEconomic development - Kosovo
999 _c286422
_d286422